| 000 | 00377nam a2200145Ia 4500 | ||
|---|---|---|---|
| 008 | 230128s9999 xx 000 0 und d | ||
| 041 | _aeng | ||
| 082 |
_aKUL PR0216 _bKUL |
||
| 100 |
_aKulkarni M K ( 2K4214) _9118948 |
||
| 245 | _aInventory Control of Computer Hardware | ||
| 260 |
_c2006 _bPune University _aPune |
||
| 300 | _a115p | ||
| 502 | _cRanade | ||
| 999 |
_c97246 _d97246 |
||